000 00758nam a22001577a 4500
020 _a978-93-5549-866-3
082 _a894.812
_bKEL/M
100 _aKELLER, JEFF
245 _aMANOBHAVAM ATHALLE ELLAM- ATTTITTUDE IS EVERYTHING
246 _aMANOBHAVAM ATHALLE ELLAM- ATTTITTUDE IS EVERYTHING
_bMANOBHAVAM ATHALLE ELLAM- ATTTITTUDE IS EVERYTHING
260 _aKOTTAYAM, INDIA
_bMATHRUBHUMI
_c2023
300 _a191
520 _aThe key message hidden in this book is the road to a happier, more successful life starts with your attitude and when the attitude is under your control. In this book Jeff Keller shows us how to take control and unleash our hidden potential through three decisive steps think, speak and act.
650 _aSELF STUDY
942 _cBK
999 _c8582
_d8582